Utilization of different times of nitrogen fertilizer on water spinach, ការប្រើប្រាស់ជីអាសូតក្នុុងរយៈពេលលខុសគ្នាលើដំណាំត្រកួន (Record no. 1293)

000 -LEADER
fixed length control field 00582nam a22001337a 4500
040 ## - CATALOGING SOURCE
Transcribing agency RUA
082 ## - DEWEY DECIMAL CLASSIFICATION NUMBER
Classification number AGR HEN 2011 B049 Or.1
100 ## - MAIN ENTRY--AUTHOR NAME
Personal name HeN, SITH.
245 ## - TITLE STATEMENT
Title Utilization of different times of nitrogen fertilizer on water spinach, ការប្រើប្រាស់ជីអាសូតក្នុុងរយៈពេលលខុសគ្នាលើដំណាំត្រកួន
260 ## - PUBLICATION, DISTRIBUTION, ETC. (IMPRINT)
Place of publication Phen Penh
Name of publisher RUA
Year of publication 2011
300 ## - PHYSICAL DESCRIPTION
Number of Pages vii; 34p.
Other physical details ill.
Dimensions 29cm.
856 ## - ELECTRONIC LOCATION AND ACCESS
Uniform Resource Identifier https://drive.google.com/file/d/1CwNvkv7WOalwHZvxkKt-s7u8C1-9kP97/view?usp=sharing
942 ## - ADDED ENTRY ELEMENTS (KOHA)
Koha item type AGR
952 ## - LOCATION AND ITEM INFORMATION (KOHA)
Withdrawn status [LOCAL, KOHA] 0
952 ## - LOCATION AND ITEM INFORMATION (KOHA)
Withdrawn status [LOCAL, KOHA] 0
952 ## - LOCATION AND ITEM INFORMATION (KOHA)
Withdrawn status [LOCAL, KOHA] 0
952 ## - LOCATION AND ITEM INFORMATION (KOHA)
Withdrawn status [LOCAL, KOHA] 0
952 ## - LOCATION AND ITEM INFORMATION (KOHA)
Withdrawn status [LOCAL, KOHA] 0
952 ## - LOCATION AND ITEM INFORMATION (KOHA)
Withdrawn status [LOCAL, KOHA] 0
Holdings
Permanent Location Date acquired Koha item type Lost status Shelving location Barcode Current Location Full call number
Library Block B2015-09-26AGR B049RUA006487Library Block BAGR HEN 2011 B049 Or.1
Library Block B2015-09-26AGR B049RUA006182Library Block BAGR HEN 2011 B049 Or.2
Library Block B2015-09-26AGR B049RUA000555Library Block BAGR HEN 2011 B049 Or.3
Library Block B2015-09-26AGR B049RUA000660Library Block BAGR HEN 2011 B049 Or.4
Library Block B2015-09-26AGR B049RUA000515Library Block BAGR HEN 2011 B049 Or.5
Library Block B2015-09-26AGR B049RUA008081Library Block BAGR HEN 2011 B049 Or.6
មជ្ឈមណ្ឌលឯការនៃសាកលវិទ្យាល័យភូមិន្ទកសិកម្មចំការដូង

Powered by Koha